000 01265pab a2200181 454500
008 180718b2008 xxu||||| |||| 00| 0 eng d
100 _aHall, Jeremy L.
245 _aAssessing local capacity for federal grant-getting
260 _c2008
300 _ap.463-79.
362 _aDec
520 _aLocal areas, consisting of governments, special districts, and nonprofits, benefit from the receipt and use of federal funds in support of local programs and projects. This study examines the combined effects of political and administrative capacity factors that influence flows of federal grant funds into local areas. the effects of these capacity dimensions are measured and tested using pooled cross-sectional time-series analysis. The results indicate clearly that institutional measures of capacity must take into account not only political dimensions but also administrative and need/demand dimensions. These results help to explain the disparity observed between high- and low-capacity areas and provide some general lessons for enhancing local grant-getting capacity under differing conditions. - Reproduced.
650 _aPublic administration
650 _aGrants
773 _aAmerican Review of Public Administration
908 _aN
909 _a81231
999 _c81231
_d81231